Laufey - Lover Girl - Statistics

General Stats
  • This quiz has been taken 166 times
  • The average score is 177 of 227
Answer Stats
Lyric % Correct
The
100%
the
100%
be
97%
to
97%
I
96%
in
95%
a
94%
girl,
92%
girl
92%
love
92%
I'm
90%
Tokyo
90%
you
90%
me,
89%
me
89%
fever,
86%
her
86%
countdown
85%
lover
85%
reckless
85%
begins
84%
it
84%
what
84%
What
84%
by
83%
is
83%
lovestruck
83%
my
83%
vertigo
83%
on
82%
you've
82%
You've
82%
done
81%
mind
81%
20
80%
day
80%
job
80%
sir
80%
curse
79%
Oh,
79%
parties
79%
tease
79%
causing
78%
hosting
78%
I'd
78%
Quite
78%
way
78%
been
77%
never
77%
Thought
76%
days
74%
overtime
74%
overtime,
74%
skyscraper's
74%
working
74%
world
74%
have
73%
million
73%
ways
73%
without
73%
cope
70%
Means
67%
27
66%
alone
66%
wait
58%
This
56%
this
56%
down
52%
see
52%
get
50%
found
49%
independent
49%
lady
49%
creative,
48%
feelings
48%
nowhere
48%
Forced
46%
high
46%
school
45%
can't
44%
like
44%
wrote
44%
How
42%
embarrassing
40%
phone
40%
movie
38%
Think
36%
another
35%
me's
35%
runnin'
30%
hallucinating
29%
come
28%
Dream
28%
whole
28%
become
27%
you'll
25%
wings,
21%
shows,
19%
at
17%
God
6%
No matching quizzes found
Score Distribution
Percent of People with Each Score
Percentile by Number Answered
Your Score History
You have not taken this quiz